Statistics for US State General Knowledge #10 - New Mexico

Click here to take the quiz!

General Stats

  • This quiz has been taken 71 times
  • The average score is 25 of 41

Answer Stats

Hint Answer % Correct
AbbreviationNM
98%
Texas
98%
CapitalSanta Fe
97%
Arizona
97%
Colorado
95%
559,121Albuquerque
93%
Utah
92%
Place where four states meet each otherFour Corners
90%
Bordering US statesOklahoma
90%
Is New Mexico landlocked?Yes
90%
Longest riverRio Grande
80%
State name in spanishNuevo México
78%
Roswell is famous for?UFOs
77%
"Only You Can Prevent Wildfires"Smokey Bear
73%
101,643Las Cruces
73%
Was designed in Los Alamos National LaboratoryNuclear weapons
72%
War that brought New Mexico to the USMexican-American War
70%
NicknameLand of Enchantment
70%
48,544Roswell
68%
Abbreviation for the biggest cityABQ
67%
Large white gypsum dune fieldWhite Sands
65%
Year admitted to Union1912
63%
DemonymNew Mexican
63%
Bordering Mexican statesChihuahua
62%
Native Americans lived in towns of adobePuebloans
58%
Famous festival held in the biggest cityInternational Balloon Fiesta
57%
Barney Stinson (HIMYM)Neil Patrick Harris
52%
94,171Rio Rancho
50%
Ancient Tiwa puebloTaos
45%
Sonora
42%
New Mexicos National ParkCarlsbad Caverns
42%
The above was part of which purchase?Gadsden Purchase
32%
City mentioned in the song "Route 66"Gallup
30%
Highest peakWheeler Peak
25%
Largest lakeElephant Butte Lake
25%
Singer and actress (Here We Go Again)Demi Lovato
20%
Famous bridge over the longest riverRio Grande Gorge Bridge
15%
Film "About Last Night..."Demi Moore
15%
Southwestern cornerBootheel
10%
Monadnock / Inselberg in the northwestShiprock
7%

Score Distribution

Percentile by Number Answered

Percent of People with Each Score

Your Score History

You have not taken this quiz